Mzdy a financie časopis pre ekonómov, podnikateľov, podniky a organizácie

Na minha lista:
Detalhes bibliográficos
Formato: Periódico
Idioma:eslovaco
Publicado em: Bratislava Ing. Miroslav Mračko, EPOS 1999
Assuntos:
Tags: Adicionar Tag
Sem tags, seja o primeiro a adicionar uma tag!

MARC

LEADER 00000nas2a2200000 4500
001 s124066
005 20221220131043.6
022 |a 1335-4329 
041 0 |a slo 
044 |a SK 
245 1 0 |a Mzdy a financie  |b časopis pre ekonómov, podnikateľov, podniky a organizácie 
264 1 |a Bratislava  |b Ing. Miroslav Mračko, EPOS  |c 1999 
300 |a 4 zv.  |e príl. + CD-ROM 
773 0 |w eu_un_cat*s120068 
610 2 0 |a mzdy 
610 2 0 |a financie